000 00340 a2200157 4500
001 161607
020 _a
040 _cMagnum
100 _aMagalhaes, Solange Maria de
240 1 0 _aNosso estado no brasil
_lpor
245 1 0 _aNosso estado no brasil
362 0 _a1899
440 1 _aAo Livro Técnico
697 _aGERAL
942 _cBK
999 _c161607
_d161607